Macroeconomics Theory (Record no. 11144)
[ view plain ]
| 000 -LEADER | |
|---|---|
| fixed length control field | 00461nam a22001817a 4500 |
| 003 - CONTROL NUMBER IDENTIFIER | |
| control field | OSt |
| 008 - FIXED-LENGTH DATA ELEMENTS--GENERAL INFORMATION | |
| fixed length control field | 220413b ||||| |||| 00| 0 eng d |
| 020 ## - INTERNATIONAL STANDARD BOOK NUMBER | |
| International Standard Book Number | 9788182815612 |
| 082 ## - DEWEY DECIMAL CLASSIFICATION NUMBER | |
| Classification number | 338.5 JHM |
| 100 ## - MAIN ENTRY--PERSONAL NAME | |
| Personal name | JHINGAN, M.L. |
| 245 ## - TITLE STATEMENT | |
| Title | Macroeconomics Theory |
| 250 ## - EDITION STATEMENT | |
| Edition statement | 13th Edition |
| 260 ## - PUBLICATION, DISTRIBUTION, ETC. (IMPRINT) | |
| Place of publication, distribution, etc | Delhi |
| Name of publisher, distributor, etc | Vrinda Publication ( P ) ,Ltd |
| Date of publication, distribution, etc | 2022 |
| 300 ## - PHYSICAL DESCRIPTION | |
| Extent | 554 |
| 650 ## - SUBJECT ADDED ENTRY--TOPICAL TERM | |
| Topical term or geographic name as entry element | Macro Economic Theory (Economics) |
| 700 ## - ADDED ENTRY--PERSONAL NAME | |
| Personal name | JHINGAN, B.K. |
| 942 ## - ADDED ENTRY ELEMENTS (KOHA) | |
| Source of classification or shelving scheme | Dewey Decimal Classification |
| Koha item type | Text Books |
| Withdrawn status | Lost status | Source of classification or shelving scheme | Damaged status | Not for loan | Collection code | Home library | Current library | Date acquired | Source of acquisition | Currency | Cost, normal purchase price | Bill Number | Total Checkouts | Full call number | Acc. no. / Barcode | Date last seen | Date last borrowed | Actual Cost, discounted price | Bill Date | Koha item type |
|---|---|---|---|---|---|---|---|---|---|---|---|---|---|---|---|---|---|---|---|---|
| Dewey Decimal Classification | B.A Economics | PIET NCR College Library | PIET NCR College Library | 10/04/2022 | Kirti Prakashan | Indian Rup | 395.00 | IN10 | 1 | 338.5 JHM | N2266 | 28/08/2023 | 01/05/2023 | 296.25 | 01/04/2022 | Text Books | ||||
| Dewey Decimal Classification | B.A Economics | PIET NCR College Library | PIET NCR College Library | 10/04/2022 | Kirti Prakashan | Indian Rup | 395.00 | IN10 | 2 | 338.5 JHM | N2267 | 26/06/2025 | 16/06/2025 | 296.25 | 01/04/2022 | Text Books | ||||
| Dewey Decimal Classification | B.A Economics | PIET NCR College Library | PIET NCR College Library | 10/04/2022 | Kirti Prakashan | Indian Rup | 395.00 | IN10 | 338.5 JHM | N2268 | 13/04/2022 | 296.25 | 01/04/2022 | Text Books | ||||||
| Dewey Decimal Classification | B.A Economics | PIET NCR College Library | PIET NCR College Library | 10/04/2022 | Kirti Prakashan | Indian Rup | 395.00 | IN10 | 1 | 338.5 JHM | N2269 | 15/12/2022 | 06/12/2022 | 296.25 | 01/04/2022 | Text Books | ||||
| Dewey Decimal Classification | B.A Economics | PIET NCR College Library | PIET NCR College Library | 10/04/2022 | Kirti Prakashan | Indian Rup | 395.00 | IN10 | 1 | 338.5 JHM | N2270 | 21/06/2023 | 15/06/2023 | 296.25 | 01/04/2022 | Text Books |